LEADER 02076nam 2200613 450 001 9910460105403321 005 20200520144314.0 010 $a1-78371-224-4 010 $a1-78371-223-6 035 $a(CKB)3710000000260849 035 $a(EBL)3386784 035 $a(SSID)ssj0001379225 035 $a(PQKBManifestationID)11757811 035 $a(PQKBTitleCode)TC0001379225 035 $a(PQKBWorkID)11351698 035 $a(PQKB)10217601 035 $a(MiAaPQ)EBC3386784 035 $a(MiAaPQ)EBC5390608 035 $a(Au-PeEL)EBL3386784 035 $a(CaPaEBR)ebr10954721 035 $a(CaONFJC)MIL987515 035 $a(OCoLC)896837487 035 $a(EXLCZ)993710000000260849 100 $a20141024h20142014 uy 0 101 0 $aeng 135 $aur|n|---||||| 181 $ctxt 182 $cc 183 $acr 200 10$aConstructed situations $ea new history of the situationist international /$fFrances Stracey 210 1$aLondon, England :$cPluto Press,$d2014. 210 4$dİ2014 215 $a1 online resource (200 p.) 225 1 $aMarxism and Culture 300 $aIncludes index. 311 $a0-7453-3526-8 311 $a0-7453-3527-6 320 $aIncludes bibliographical references and index. 327 $aSurviving history : a situational archive -- Industrial painting : towards a surplus of life -- Destruktion af RSG : the latest avant-garde -- Consuming the spectacle : the Watts Revolt and a new proletariat -- Situational radical subjectivity and photo-graffiti -- The situation of women. 410 0$aMarxism and culture. 606 $aAvant-garde (Aesthetics)$xHistory$y20th century 606 $aRadicalism$xHistory$y20th century 608 $aElectronic books. 615 0$aAvant-garde (Aesthetics)$xHistory 615 0$aRadicalism$xHistory 676 $a700.9045 700 $aStracey$b Frances$0903006 801 0$bMiAaPQ 801 1$bMiAaPQ 801 2$bMiAaPQ 906 $aBOOK 912 $a9910460105403321 996 $aConstructed situations$92018652 997 $aUNINA LEADER 00994nam0 22002651i 450 001 RML0232344 005 20231121125658.0 100 $a20121121d1989 ||||0itac50 ba 101 | $aita 102 $ait 181 1$6z01$ai $bxxxe 182 1$6z01$an 200 1 $aAnalysis for public decision$fE.S. Quade$ga Rand Corporation Research Study 205 $a?rd ed.$frevised by Grace M. Carter 210 $aNew York $cNorth-Holland $d1989 215 $axviii, 409 p.$cgrafici$d23 cm 700 1$aQUADE$b, Edward S.$3RMLV147431$0104288 801 3$aIT$bIT-01$c20121121 850 $aIT-FR0098 899 $aBiblioteca Area Giuridico Economica$bFR0098 912 $aRML0232344 950 0$aBiblioteca Area Giuridico Economica$d 53TER 360/41$e 53VM 0000003005 VM barcode:ECO005751. - Inventario:1132. - Fondo:Sala consultazioneVM$fA $h19931210$i20121204 977 $a 53 996 $aAnalysis for public decision$93617828 997 $aUNICAS